MARC

Tag First Indicator Second Indicator Subfields
LEADER 00000cam a2200000 a 4500
001 in00002672621
005 20211202194036.0
006 m d f
007 cr mn|||||||||
008 100825s2002 dcua ob f000 0 eng c
035 |a (OCoLC)ocn658002247 
040 |a GPO  |c GPO  |d MvI  |d UtOrBLW 
042 |a pcc 
043 |a n-us--- 
049 |a WWW 
074 |a 0499-G-10 (online) 
086 0 |a HE 23.1117:6 
245 0 4 |a The foundations for school readiness :  |b fostering developmental competence in the earliest years /  |c prepared by Early Head Start National Resource Center @ ZERO TO THREE. 
246 3 0 |a Fostering developmental competence in the earliest years 
264 1 |a Washington, DC :  |b U.S. Dept. of Health & Human Services, Administration for Children and Families, Administration on Children, Youth and Families, Head Start Bureau,  |c [2002?] 
300 |a 1 online resource (16 pages) :  |b illustrations 
336 |a text  |b txt  |2 rdacontent 
337 |a computer  |b c  |2 rdamedia 
338 |a online resource  |b cr  |2 rdacarrier 
490 1 |a Technical assistance paper no. ;  |v no. 6 
500 |a Title from PDF title screen (HHS.gov, viewed Aug. 24, 2010). 
504 |a Includes bibliographical references. 
536 |a The EHS NRC is funded by contract  |b 105-98-2055 
500 |a Electronic resource. 
650 0 |a Readiness for school. 
650 0 |a Early childhood education. 
650 0 |a Head Start programs  |z United States. 
710 2 |a Early Head Start National Resource Center (Washington, D.C.) 
830 0 |a Technical assistance paper (Early Head Start National Resource Center (Washington, D.C.)) ;  |v no. 6. 
856 4 0 |u https://purl.fdlp.gov/GPO/LPS125393  |t 0 
999 |a MARS 
999 f f |s 634e25d7-d946-3c20-b426-bc7e7dd3b961  |i 9d081826-b3aa-35e7-b244-abc36422853f  |t 0 
952 f f |a Texas A&M University  |b College Station  |c Electronic Resources  |d Available Online  |t 0  |e HE 23.1117:6  |h Superintendent of Documents classification 
998 f f |a HE 23.1117:6  |t 0  |l Available Online